| 000 | 01039nam a2200265Ia 4500 | ||
|---|---|---|---|
| 003 | OSt | ||
| 005 | 20210728110118.0 | ||
| 008 | 210310s1990 ck ad fr 000 0 spa d | ||
| 040 |
_aCO-JMCR _cCO-JMCR |
||
| 041 | 0 | _aspa | |
| 082 | 0 | 4 |
_a332.64 / _bO84m _223 |
| 100 | 1 |
_aOssa Betancur, Nicolás, _916149 _eautor |
|
| 245 | 1 | 3 |
_aEl mercado de capitales en Colombia : _bevolución y perspectivas / _cNicolás Ossa Betancur |
| 260 |
_aBogotá : _bBolsa de Bogotá, _c1990 |
||
| 300 |
_a79 páginas : _bilustraciones y gráficas a blanco y negro ; _c28 cm. |
||
| 500 | _aIncluye notas a pie de página. | ||
| 504 | _aBibliografía: página 79 | ||
| 505 | 0 | _aReseña histórica -- El mercado de capitales en la actualidad -- Una mirada hacia el futuro | |
| 586 | _aPrimer Premio Nacional del Mercado de Valores | ||
| 650 | 1 | 4 |
_aMercado de capitales _916151 _xHistoria _zColombia |
| 650 | 2 | 4 |
_aFinanzas _zColombia _96833 |
| 650 | 2 | 4 |
_aHacienda pública _zColombia _96814 |
| 650 | 2 | 4 |
_aInversiones de capital _zColombia _97871 |
| 942 |
_2ddc _cBK |
||
| 999 |
_c8035 _d8035 |
||